000 00440nam a2200169 4500
003 SEACOMEC
005 20240412135422.0
008 240412b |||||||| |||| 00| 0 eng d
020 _c78.00
040 _aSEACOMEC
082 _a428.2
_bD145 Se vol-5
100 _aDallas, Don
245 _aSpeaking English Green : Vol-5
_cDon Dallas
260 _aNew Delhi
_bOriental Longman,
_c 2005
300 _aVol-5
_eAudio Cassette
942 _cBOOK
999 _c893
_d893